000 00592nam a22002417a 4500
003 UA-OsUOA
001 29989
007 ta
008 20041102b un ||||| |||| 00| 0 ukr d
100 _aСербін Георгій
090 _a908
_bС32
942 _cBK
040 _aUA-OsUOA
_bukr
_cUA-OsUOA
_dUA-OsUOA
245 _aРовенщина туристська
_bПутівник
300 _a166 с.
_bІлюстрації
955 _a0
041 _aukr
080 _a908
260 _aЛьвів
_bКаменяр
_c1980
044 _aUA
650 7 _2UDC
999 _c316389
_d316389